[Event "Valby K41 op 0607"]
[Site "Valby"]
[Date "2006.11.14"]
[Round "1"]
[White "Frederiksen, Alan"]
[Black "Roder, Peter Ulrik"]
[Result "0-1"]
[WhiteElo "1638"]
[BlackElo "2029"]
[PlyCount "52"]
[EventDate "2006.11.14"]
[EventType "swiss"]
[EventRounds "9"]
[EventCountry "DEN"]
[SourceTitle "EXT 2018"]
[Source "ChessBase"]
[SourceDate "2017.10.13"]
[SourceVersion "1"]
[SourceVersionDate "2017.10.13"]
[SourceQuality "1"]

1. d4 Nf6 2. Bg5 g6 3. Bxf6 exf6 4. e3 Bg7 5. c4 f5 6. Nc3 0-0 7. g3 d6 8. Bg2 Nd7 9. Nge2 Nf6 10. Qc2 c6 11. b4 Bd7 12. 0-0 Re8 13. a4 h5 14. Rfe1 h4 15. b5 hxg3 16. hxg3 Ng4 17. Nf4 Bf6 18. bxc6 bxc6 19. Nb5 cxb5 20. Bxa8 Qxa8 21. Nd5 Rc8 22. axb5 Qxd5 23. cxd5 Rxc2 24. Rxa7 Bxb5 25. Rb1 Bc4 26. Rc7 Nxf2 0-1

[Event "Valby K41 Autumn-B"]
[Site "Valby"]
[Date "2006.10.03"]
[Round "4"]
[White "Frederiksen, Alan"]
[Black "Sorensen, Hans Erik Them"]
[Result "1-0"]
[WhiteElo "1611"]
[BlackElo "1537"]
[PlyCount "55"]
[EventDate "2006.09.12"]
[EventType "tourn"]
[EventRounds "7"]
[EventCountry "DEN"]
[SourceTitle "EXT 2023"]
[Source "ChessBase"]
[SourceDate "2022.10.05"]
[SourceVersion "1"]
[SourceVersionDate "2022.10.05"]
[SourceQuality "1"]

1. d4 d5 2. c4 e6 3. Nc3 Nf6 4. Bg5 Be7 5. Nf3 0-0 6. e3 Nbd7 7. Bd3 dxc4 8. Bxc4 b6 9. 0-0 Bb7 10. Rc1 Rc8 11. Qe2 Nd5 12. Bxe7 Qxe7 13. Bxd5 exd5 14. Qd1 c6 15. Qa4 a6 16. b4 Rc7 17. Nxd5 Qd6 18. Nxc7 Qxc7 19. Rc2 Rc8 20. Rfc1 Qd6 21. Qb3 Re8 22. a3 Qg6 23. Ne1 Nf6 24. Qd3 Qg5 25. Rxc6 Qd5 26. Rxb6 Nd7 27. Rxb7 Qxb7 28. Qc2 1-0

[Event "Copenhagen K41 Aabent-ch 0506"]
[Site "Copenhagen"]
[Date "2006.01.10"]
[Round "5"]
[White "Frederiksen, Alan"]
[Black "Sorensen, Ken"]
[Result "0-1"]
[WhiteElo "1539"]
[BlackElo "1383"]
[PlyCount "74"]
[EventDate "2005.11.15"]
[EventType "swiss"]
[EventRounds "9"]
[EventCountry "DEN"]
[SourceTitle "EXT 2023"]
[Source "ChessBase"]
[SourceDate "2022.10.05"]
[SourceVersion "1"]
[SourceVersionDate "2022.10.05"]
[SourceQuality "1"]

1. d4 e6 2. c4 Nf6 3. Nf3 b6 4. g3 Ba6 5. Qc2 Bb4+ 6. Bd2 Bxd2+ 7. Nbxd2 0-0 8. Bg2 Bb7 9. 0-0 d6 10. e4 Nbd7 11. Rfe1 e5 12. d5 c5 13. Nf1 a6 14. a4 Qc7 15. Ne3 Ra7 16. Nd2 Rb8 17. Rf1 Bc8 18. Nf5 Nf8 19. f4 Ng6 20. fxe5 Nxe5 21. Nf3 Nfg4 22. Qe2 Nxf3+ 23. Rxf3 Ne5 24. Rf4 Rab7 25. Raf1 b5 26. Qh5 Bxf5 27. exf5 f6 28. Rh4 h6 29. axb5 axb5 30. b3 bxc4 31. bxc4 Rb2 32. Re1 Rc2 33. Rg4 Kf8 34. Rxe5 dxe5 35. Qg6 Rd8 36. Qh7 Qf7 37. h3 Rd7 0-1

[Event "Copenhagen K41 Aabent-ch 0506"]
[Site "Copenhagen"]
[Date "2005.11.29"]
[Round "2"]
[White "Opstrup, Niels"]
[Black "Frederiksen, Alan"]
[Result "0-1"]
[WhiteElo "1240"]
[BlackElo "1539"]
[PlyCount "94"]
[EventDate "2005.11.15"]
[EventType "swiss"]
[EventRounds "9"]
[EventCountry "DEN"]
[SourceTitle "EXT 2023"]
[Source "ChessBase"]
[SourceDate "2022.10.05"]
[SourceVersion "1"]
[SourceVersionDate "2022.10.05"]
[SourceQuality "1"]

1. d4 d5 2. Nc3 Nf6 3. e4 Nxe4 4. Nxe4 dxe4 5. c3 c6 6. Bc4 Bf5 7. Ne2 e6 8. Ng3 Bg6 9. 0-0 Bd6 10. f4 exf3 11. Qxf3 0-0 12. Ne4 Bxh2+ 13. Kxh2 Qh4+ 14. Kg1 Qxe4 15. Qg3 Nd7 16. Re1 Qf5 17. Bf4 Nf6 18. Re5 Qc2 19. Re2 Qf5 20. Rf1 Nh5 21. Qe3 Nxf4 22. Rxf4 Qa5 23. Qg3 Qd8 24. Re5 Qd6 25. Rg4 Rfe8 26. Qe3 Kf8 27. Rf4 Kg8 28. Bd3 b5 29. Rg4 a5 30. Qf2 Kf8 31. Re1 a4 32. Bc2 Bxc2 33. Qxc2 g6 34. Qd2 Kg7 35. Rf1 Re7 36. Qg5 f5 37. Rh4 Kg8 38. Rh6 Rg7 39. Qh4 Qe7 40. Qg3 Rd8 41. Kf2 c5 42. Qe5 cxd4 43. cxd4 Qg5 44. Qxe6+ Kf8 45. Rh3 Qd2+ 46. Kg1 Qxd4+ 47. Rf2 Re7 0-1